Table of integrals, series, and products / (Record no. 11740)

MARC details
000 -LEADER
fixed length control field 01569nac a22004091i 4500
003 - CONTROL NUMBER IDENTIFIER
control field EG-ScBUE
005 - DATE AND TIME OF LATEST TRANSACTION
control field 20240903093259.0
006 - FIXED-LENGTH DATA ELEMENTS--ADDITIONAL MATERIAL CHARACTERISTICS--GENERAL INFORMATION
fixed length control field m||||fq||h 00| 0
008 - FIXED-LENGTH DATA ELEMENTS--GENERAL INFORMATION
fixed length control field 090607t2007 ne f b 001 0 eng d
020 ## - INTERNATIONAL STANDARD BOOK NUMBER
International Standard Book Number 9780123736376
020 ## - INTERNATIONAL STANDARD BOOK NUMBER
International Standard Book Number 0123736374
040 ## - CATALOGING SOURCE
Original cataloging agency EG-ScBUE
Language of cataloging eng
Description conventions rda
Transcribing agency EG-ScBUE
Modifying agency EG-ScBUE
082 04 - DEWEY DECIMAL CLASSIFICATION NUMBER
Classification number 510.212
Item number GRA
Edition number 22
100 1# - MAIN ENTRY--PERSONAL NAME
Personal name Gradshteyn, I. S.,
Relator term author.
9 (RLIN) 5807
245 10 - TITLE STATEMENT
Title Table of integrals, series, and products /
Statement of responsibility, etc I.S. Gradshteyn and I.M. Ryzhik ; translated from the Russian by Scripta Technica, inc. ; edited by Alan Jeffrey, University of Newcastle Upon Tyne, England, Daniel Zwillinger, Rensselaer Polytechnic Institute, USA.
250 ## - EDITION STATEMENT
Edition statement Seventh edition.
264 #1 - PUBLICATION, DISTRIBUTION, ETC. (IMPRINT)
Place of publication, distribution, etc Amesterdam :
Name of publisher, distributor, etc Elsevier,
Date of publication, distribution, etc [2007]
264 #4 - PUBLICATION, DISTRIBUTION, ETC. (IMPRINT)
Date of publication, distribution, etc c2007
300 ## - PHYSICAL DESCRIPTION
Extent xlv, 1171 pages ;
Dimensions 24 cm +
Accompanying material 1 CD
336 ## - CONTENT TYPE
Source rdacontent
Content type term text
Content type code txt
336 ## - CONTENT TYPE
Source rdacontent
Content type term sounds
Content type code snd
337 ## - MEDIA TYPE
Media type term unmediated
Source rdamedia
Media type code n
337 ## - MEDIA TYPE
Media type term audio
Source rdamedia
Media type code s
338 ## - CARRIER TYPE
Carrier type term volume
Carrier type code nc
Source rdacarrier
338 ## - CARRIER TYPE
Carrier type term computer disc
Carrier type code cd
Source rdacarrier
504 ## - BIBLIOGRAPHY, ETC. NOTE
Bibliography, etc Includes bibliographical references and index.
546 ## - LANGUAGE NOTE
Language note Text in English ; translated from the original Russian.<br/>
650 #7 - SUBJECT ADDED ENTRY--TOPICAL TERM
Topical term or geographic name as entry element Mathematics
Form subdivision Tables.
Source of heading or term BUEsh
9 (RLIN) 41298
651 ## - SUBJECT ADDED ENTRY--GEOGRAPHIC NAME
Source of heading or term BUEsh
653 ## - INDEX TERM--UNCONTROLLED
Arrived date list November2012
655 ## - INDEX TERM--GENRE/FORM
Form subdivision Reading book
700 1# - ADDED ENTRY--PERSONAL NAME
Personal name Ryzhik, I. M.
Fuller form of name (Iosif Moiseevich),
Relator term author.
9 (RLIN) 5809
700 1# - ADDED ENTRY--PERSONAL NAME
Personal name Jeffrey, Alan,
Relator term editor.
9 (RLIN) 5810
700 1# - ADDED ENTRY--PERSONAL NAME
Personal name Zwillinger, Daniel,
Relator term editor.
9 (RLIN) 5811
710 2# - ADDED ENTRY--CORPORATE NAME
Corporate name or jurisdiction name as entry element Scripta Technica,
Relator term translator.
9 (RLIN) 5812
942 ## - ADDED ENTRY ELEMENTS (KOHA)
Koha item type Book - Borrowing
Source of classification or shelving scheme Dewey Decimal Classification
Holdings
Withdrawn status Lost status Source of classification or shelving scheme Damaged status Not for loan Collection code Home library Current library Shelving location Date acquired Source of acquisition Cost, normal purchase price Serial Enumeration / chronology Total Checkouts Full call number Barcode Date last seen Date checked out Price effective from Koha item type Materials specified (bound volume or other part)
    Dewey Decimal Classification     Alahram Central Library Central Library First floor 07/06/2009 Purchase 300.00 370 2 510.212 GRA 000016578 03/11/2025 23/06/2025 07/06/2009 Book - Borrowing  
    Dewey Decimal Classification     Alahram Central Library Central Library First floor 07/06/2009 Purchase   370   510.212 GRA 000016580 24/08/2022   07/06/2009 CD | DVD - With book Lost In Inventory_2018-08-12
    Dewey Decimal Classification     Baccah Central Library Central Library First floor 26/11/2012 Purchase 527.00 16429 3 510.212 GRA 000027834 25/02/2026 21/12/2025 26/11/2012 Book - Borrowing  
    Dewey Decimal Classification     Baccah Central Library Central Library First floor 26/11/2012 Purchase   16429   510.212 GRA 000027835 24/08/2022   26/11/2012 CD | DVD - With book